| 000 | 00436nam a2200181Ia 4500 | ||
|---|---|---|---|
| 001 | 23398 | ||
| 003 | GE_BSU | ||
| 008 | 181216s||||||||xx |||||||||||||| ||und|| | ||
| 040 | _cGE_BSU | ||
| 245 | 4 | _aThe Economist.№9108.2018. | |
| 245 | _b19TH-25TH | ||
| 260 | _alondon | ||
| 260 | _c2018წელი | ||
| 300 | _a74გვ;27სმ; | ||
| 653 | _aThe Economist №9108.2018. | ||
| 653 | _aპერიოდიკა | ||
| 942 | _cCR | ||
| 999 |
_c56285 _d56285 |
||